00728nam a2200241 a 4500001001300000003000900013005001700022008004100039020001000080082001800090100001800108245004900126260002700175300000900202500003500211505001700246650004000263700001800303902000800321942000700329952013300336999001700469nice12345678IN_TiNIC20260116015119.0070322s2006 bana grp 000 0 eng  ac10000a291.172bRAJ1 aRaju, T Swami aChristian Responses to Plurality of Religion aBanglorebBtesscc2006 a120p aincludes index and biblioraphy2 aBibliography aInterfaith Dialogue-Christian Ortho1 aRaju, T Swami bSRS cBK 001040708StackRoom-aHMIbHMId2011-08-10g100.00l4o291.172 RAJ1p11002011r2024-11-14s2024-10-28v100.00w2007-03-22yBK c18376d18376